MARC

Tag First Indicator Second Indicator Subfields
LEADER 00000cam a22000001i 4500
001 in00003441294
006 m |o d |
007 cr |n|||||||||
008 140421s2014 inu ob 001 0deng d
005 20250816224006.4
020 |a 0268092850 (electronic bk.) 
020 |a 9780268092856 (electronic bk.) 
020 |z 9780268017842 (pbk. : alk. paper) 
020 |z 0268017840 (pbk. : alk. paper) 
035 |a (NhCcYBP)ebr10858270 
040 |a NhCcYBP  |c NhCcYBP  |d UtOrBLW 
043 |a n-us-in 
050 4 |a B52.65.N68  |b S29 2014 
082 0 4 |a 107.1/177289  |2 23 
100 1 |a Sayre, Kenneth M.,  |d 1928- 
245 1 0 |a Adventures in philosophy at Notre Dame /  |c Kenneth M. Sayre. 
264 1 |a Notre Dame :  |b University of Notre Dame Press,  |c 2014. 
300 |a 1 online resource. 
336 |a text  |b txt  |2 rdacontent 
337 |a computer  |b c  |2 rdamedia 
338 |a online resource  |b cr  |2 rdacarrier 
500 |a Description based on print version record. 
504 |a Includes bibliographical references and index. 
588 |a Description based on print version record. 
500 |a Electronic resource. 
610 2 0 |a University of Notre Dame.  |b Department of Philosophy  |x History. 
650 0 |a Philosophy  |x Study and teaching (Higher)  |z Indiana  |z Notre Dame  |x History. 
650 0 |a Philosophy teachers  |z Indiana  |z Notre Dame  |x History. 
650 0 |a College teachers  |z Indiana  |z Notre Dame  |x History. 
655 7 |a Electronic books.  |2 local 
710 2 |a ebrary, Inc. 
776 1 8 |c Original  |z 9780268017842  |z 0268017840  |w (DLC) 2013044544 
856 4 1 |u https://ebookcentral.proquest.com/lib/tamucs/detail.action?docID=3441163  |y Connect to the full text of this electronic book  |t 0 
955 |a PDA YBP record 
999 f f |s 749abefe-ec09-3eee-829f-63549fcd2f93  |i 1986cebb-20fd-3247-988d-575f1090460a  |t 0 
999 |a MARS 
952 f f |a Texas A&M University  |b College Station  |c Electronic Resources  |d Available Online  |t 0  |e B52.65.N68 S29 2014  |h Library of Congress classification 
998 f f |a B52.65.N68 S29 2014  |t 0  |l Available Online